| 000 | 00427nam a2200145Ia 4500 | ||
|---|---|---|---|
| 008 | 211109s9999||||xx |||||||||||||| ||und|| | ||
| 082 |
_a894.8123 _bKES-A |
||
| 100 | _aKesava Dev, P | ||
| 245 | 0 | _aArkkuvendi | |
| 260 |
_bMedia World Communications _aChry No 206 _c1953 |
||
| 300 | _a92p. | ||
| 630 | _xGENERAL STACK | ||
| 650 |
_aMalayalam Literature _vMalayalam Fiction _xMalayalam NovelsShort StoriesMalayalam |
||
| 942 | _cBOOK | ||
| 999 |
_c47149 _d47149 |
||